Možnosti zlepšenia výrobného procesu v podniku Wertheim production s.r.o.

Guardado en:
Detalles Bibliográficos
Autor principal: Tászli, Tamás (Autor)
Otros Autores: Součková, Ingrid (Orientador)
Formato: Manuscrito Libro
Lenguaje:eslovaco
Publicado: 2023
Materias:
Acceso en línea:http://is.stuba.sk/zp/portal_zp.pl?podrobnosti=171862
Etiquetas: Agregar Etiqueta
Sin Etiquetas, Sea el primero en etiquetar este registro!

MARC

LEADER 00000ntm a22000003a 4500
001 stuzp94990
003 SK-STU
005 20240513074007.4
007 ta
008 150427s2015----xo-----f-mn---000-0-slo-d
040 |a STU  |b slo 
041 0 |a slo 
100 1 |a Tászli, Tamás  |u 020070  |4 aut  |U SjF Strojnícka fakulta  |T SjF Ústav výrobných systémov, enviromentálnej techniky a manažment kvality  |X 98647  |U J0070  |Y 804  |7 98647 
242 0 1 |a Possibilities of improving the production process in the company Wertheim production s.r.o.  |y eng 
245 1 0 |a Možnosti zlepšenia výrobného procesu v podniku Wertheim production s.r.o. 
260 |c 2023 
650 4 |a layout  |2 slo 
650 4 |a zlepšenie  |2 slo 
650 4 |a výrobný proces  |2 slo 
650 4 |a skenovanie  |2 slo 
650 4 |a production process  |2 eng 
650 4 |a improvement  |2 eng 
650 4 |a scanning  |2 eng 
650 4 |a layout  |2 eng 
700 1 |a Součková, Ingrid  |u 020070  |k Z1  |4 ths  |U SjF Strojnícka fakulta  |T SjF Ústav výrobných systémov, enviromentálnej techniky a manažment kvality  |X 2364  |U J0070  |Y 804  |7 A000002364 
856 4 |u http://is.stuba.sk/zp/portal_zp.pl?podrobnosti=171862 
996 |b 284J047559  |c J* 3681/DDP  |l JJSK  |s A  |a 24  |w stuzp94990_0001